Name That Flick from the Crummy Plot! #5 - Statistics

General Stats
  • This quiz has been taken 8 times
  • The average score is 8 of 10
Answer Stats
Hint Answer % Correct
A group of zoo animals—an over-the-top lion, a jittery zebra, a snarky giraffe, and a sassy hippo—end up stranded, and they struggle to adapt to the wild and face off against some quirky lemurs. Madagascar
100%
A powerful Norse god is banished to Earth, loses his superpowers, and learns some humility while fighting to reclaim his mighty hammer and protect both Earth and his mythical home from a looming threat. Thor
100%
A petty thief gets a suit that lets him shrink to the size of an ant but gain super strength, pulls off a heist to save the world, and teams up with a bunch of ants while dealing with a villain who also has a shrinking suit. Ant-Man
88%
A talking Great Dane and his gang of teenage friends solve spooky mysteries involving masked villains, unmasking the creepy culprit behind the ghostly happenings and enjoying plenty of snacks along the way. Scooby-Doo
88%
A basketball star teams up with cartoon Looney Tunes characters to win a game against evil aliens, combining epic dunks with zany antics to save the day and his own basketball career. Space Jam
88%
A young woman lands a job at a fashion magazine, endures a demanding boss who’s basically the devil in designer heels, and learns the hard way that high fashion comes with a lot of personal sacrifice and drama. The Devil Wears Prada
88%
A New York cop finds himself in the wrong place at the wrong time when a holiday party turns into a hostage situation, and he has to single-handedly take down a group of terrorists in a high-rise building. Die Hard
75%
A young man rises through the ranks of the mob, lives the high life with crime and luxury, and eventually faces a whirlwind of betrayal and law enforcement chaos as his criminal world unravels. Goodfellas
75%
Three unhappy employees plot to get rid of their terrible bosses, each more absurdly awful than the last, leading to a series of comedic mishaps and over-the-top schemes. Horrible Bosses
63%
A freak weather event brings a swarm of dangerous sea creatures into a city, leading to chaotic and absurd scenes of people battling the unexpected menace as it wreaks havoc and terrorizes everyone. Sharknado
63%
No matching quizzes found
Score Distribution
Percent of People with Each Score
Percentile by Number Answered
Your Score History
You have not taken this quiz